00875nas a2200277 4500001001300000003000900013005001700022007000300039008003400042040005400076041000900130072001300139100001600152100002000168100001700188100001900205100001500224245011300239650001000352650001900362650001100381650001700392650001400409773012100423856005300544BR2014001700BR-BrBNA20231205123810.0ta230509b bl.|||p| |||| 00| 00por d aBR-BrBNAbporcBiblioteca Nacional de Agricultura a(Pt) aF01; F401 aPetry, M.T.1 aZimermann, F.L.1 aCarlesso, R.1 aMichelon, C.J.1 aKunz, J.H.1 aDisponibilidade de água do solo ao milho cultivado sob sistemas de semeadura direta e preparo convencional aMILHO aMANEJO DO SOLO aÁGUA aEXTRAÇÃO aSEMEADURA0 tRevista Brasileira de Ciência do Solo (Brazil)xISSN 0100-0683 g(May-Jun 2007), v. 31(3) p. 531-539wBR201400170040uhttp://www.scielo.br/pdf/rbcs/v31n3/a13v31n3.pdf